| 000 | 00963cam a22001814a 4500 | ||
|---|---|---|---|
| 005 | 20250605163350.0 | ||
| 008 | 250528s ||||||||||||||||||||||||d | ||
| 035 | _a17669 | ||
| 020 | _a9786188095533 | ||
| 040 |
_aGR-AtMCL _bgre _dGR-AtMCL _eAACR2 |
||
| 245 | 1 | _aΜάθετε το Twitter / Βασικές Ρυθμίσεις, Κανάλια Επικοινωνίας, Κόλπα & Μυστικά | |
| 260 |
_bDigerati, _c2014 |
||
| 300 | _a98 | ||
| 520 | _aΤο Twitter έμαθε την ανθρωπότητα να επικοινωνεί γρήγορα, εύκολα και αποτελεσματικά. Τι είναι το Twitter, Ρυθμίσεις Twitter, Ετικέτες, Απάντηση, Ενσωμάτωση Tweet και Προσβλητικά Tweet, Συχνές Ερωτήσεις, Μοιράστε Μουσική και Βίντεο, Κανόνες που Πρέπει να Τηρείτε. | ||
| 942 | _cBK | ||
| 999 |
_c3071 _d3071 |
||